The noble scholar, jurist, historian


 His Excellency Dr. Abdul Wahhab bin Ibrahim Abu Sulaiman, may Allah have mercy on him.


 He was born in Umm Al-Qura in the year 1356 AH.

القعقاع بن عمرو التميمي ودوره في الفتوح الإسلامية وأحداث عصر الراشدين / (Record no. 13571)

MARC details
000 -LEADER
fixed length control field 01939ctm a22003371i 4500
003 - CONTROL NUMBER IDENTIFIER
control field SA-RiAUC
005 - DATE AND TIME OF LATEST TRANSACTION
control field 20251216134910.0
008 - FIXED-LENGTH DATA ELEMENTS--GENERAL INFORMATION
fixed length control field 251215s1989 su f bm 00000bara c
040 ## - CATALOGING SOURCE
Original cataloging agency SA-JeALM
Language of cataloging ara
Transcribing agency SA-RiAUC
Description conventions rda
050 #4 - LIBRARY OF CONGRESS CALL NUMBER
Item number M33 1989
082 04 - DEWEY DECIMAL CLASSIFICATION NUMBER
Classification number 239.9
Assigning agency SA-RiAUC
090 ## - LOCALLY ASSIGNED LC-TYPE CALL NUMBER (OCLC); LOCAL CALL NUMBER (RLIN)
Classification number (OCLC) (R) ; Classification number, CALL (RLIN) (NR) ر 239.9
Local cutter number (OCLC) ; Book number/undivided call number, CALL (RLIN) م د خ
100 1# - MAIN ENTRY--PERSONAL NAME
Personal name المدخلي، عبد الباسط بن جابر محمد
Relator term مؤلف.
245 10 - TITLE STATEMENT
Title القعقاع بن عمرو التميمي ودوره في الفتوح الإسلامية وأحداث عصر الراشدين /
Statement of responsibility, etc. إعداد عبد الباسط بن جابر محمد المدخلي ؛ إشراف محمد محمد شتا زيتون.
264 #0 - PRODUCTION, PUBLICATION, DISTRIBUTION, MANUFACTURE, AND COPYRIGHT NOTICE
Place of production, publication, distribution, manufacture مكة المكرمة :
Name of producer, publisher, distributor, manufacturer جامعة أم القرى .
Date of production, publication, distribution, manufacture, or copyright notice 1989
300 ## - PHYSICAL DESCRIPTION
Extent 305 ورقة ؛
Dimensions 30 سم .
336 ## - CONTENT TYPE
Content type term نص
Content type code txt
Source rdacontent
Materials specified أطروحة
337 ## - MEDIA TYPE
Media type term بدون وسيط
Media type code n
Source rdamedia
338 ## - CARRIER TYPE
Carrier type term مجلد
Carrier type code nc
Source rdacarrier
500 ## - GENERAL NOTE
General note اهداء من المؤلف عبدالباسط جابر مدخلي الى الشيخ رحمه الله بتاريخ 16 / 5 / 1410 هـ
500 ## - GENERAL NOTE
General note أطروحة (ماجستير)-جامعة أم القرى، 1400 هجري.
502 ## - DISSERTATION NOTE
Degree type ماجستير
Name of granting institution جامعة أم القرى، كلية الشريعة والدراسات الإسلامية، قسم التاريخ والحضارة
Year degree granted 1409 هجري.
504 ## - BIBLIOGRAPHY, ETC. NOTE
Bibliography, etc. note يشتمل على إرجاعات ببليوجرافية.
600 17 - SUBJECT ADDED ENTRY--PERSONAL NAME
Personal name القعقاع التميمي، القعقاع بن عمرو التميمي،
Dates associated with a name توفي حوالي 40 هجري
Source of heading or term aucnm
650 #7 - SUBJECT ADDED ENTRY--TOPICAL TERM
Topical term or geographic name entry element الصحابة والتابعون
Form subdivision تراجم
Source of heading or term aucsh
650 #7 - SUBJECT ADDED ENTRY--TOPICAL TERM
Topical term or geographic name entry element الفتوحات الإسلامية
Chronological subdivision عصر صدر الإسلام
Source of heading or term aucsh
650 #7 - SUBJECT ADDED ENTRY--TOPICAL TERM
Topical term or geographic name entry element التاريخ الإسلامي
Chronological subdivision عصر صدر الإسلام
Source of heading or term aucsh
700 ## - ADDED ENTRY--PERSONAL NAME
Personal name زيتون، محمد محمد شتا
Relator term مشرف .
942 ## - ADDED ENTRY ELEMENTS (KOHA)
Source of classification or shelving scheme Dewey Decimal Classification
Koha item type رسالة علمية
Suppress in OPAC No
949 ## - LOCAL PROCESSING INFORMATION (OCLC)
a SA-JeALM
d 251215
u osman123
n 1
Holdings
Withdrawn status Lost status Source of classification or shelving scheme Damaged status Not for loan Home library Current library Date acquired Total checkouts Full call number Barcode Date last seen Price effective from Koha item type
    Dewey Decimal Classification     DR AbdElwahab Library DR AbdElwahab Library 12/16/2025   ر 239.9 م د خ 000021593 12/16/2025 12/16/2025 رسالة علمية